| 000 | 01076nam a2200229 i 4500 | ||
|---|---|---|---|
| 001 | 153319 | ||
| 003 | ES-MaACL | ||
| 005 | 20230906205154.0 | ||
| 008 | 980520s1790 po |||| | por d | ||
| 100 | 1 |
_aCouto, Diogo do. _941324 |
|
| 245 | 1 | 0 |
_aObservações sobre as principaes causas da decadencia dos portuguezes na Asia / _cescritas por Diogo do Couto em forma de dialogo com o titulo de Soldado pratico; publicadas de ordem da Academia Real das Sciencias de Lisboa por Antonio Caetano do Amaral. |
| 260 |
_aLisboa : _bna offic. da Acad. Real das Sciencias, _c1790. |
||
| 300 |
_aIII-XIV, [2], 161, 110 p. ; _c8º. |
||
| 530 | _aDisponible en formato digital. | ||
| 597 | _aSign.: []7, A-R8. | ||
| 650 | 4 |
_aPortugueses- _zIndia. _9146749 |
|
| 651 | 4 |
_aIndia- _xHistoria- _y1526-1765. _9163997 |
|
| 700 | 1 |
_aAmaral, Antonio Caetano do. _921113 |
|
| 710 | 2 |
_aAcademia das Ciências de Lisboa. _91159 |
|
| 852 |
_aES-MaACL _jR-1073 _z- Enc. pasta española _x Olim: G-9160 |
||
| 856 |
_uhttp://purl.pt/29505#dcId=1557159687866&p=1 _zBiblioteca Nacional de Portugal |
||
| 999 |
_c153319 _d153319 |
||